000
00316nam a2200109Ia 4500
008
200302s9999 xx 000 0 und d
100
_a
Kurt W. Bauer
245
_a
City Planning for covil engineers Environmental engineers and surveyors
260
_b
CRC Press Taylor and Francis Group
260
_c
2018
300
_a
489
999
_c
6035
_d
6035